| 000 | 00791nam a2200253 i 4500 | ||
|---|---|---|---|
| 003 | DO-SdBNP | ||
| 005 | 20240306141242.0 | ||
| 007 | ta | ||
| 008 | 240306s1958 xxu 000 j spa d | ||
| 040 |
_aDO-SdBNP _bspa _cBNPHU _erda |
||
| 041 | _heng | ||
| 082 |
_bR968 _222 |
||
| 100 |
_aRussell, Bertrand, _d1872-1970 _98955 |
||
| 245 | 1 | 0 |
_aBertrand Russell's best ; _bsilhouettes in satire. / _cSelección e introducción Robert E. Egner. |
| 264 | 3 |
_aNew York, Estados Unidos : _bNew American Library , _c1958. |
|
| 300 |
_avii, 126 páginas, _c18 cm. |
||
| 336 |
_2rdacontent _atexto _btxt |
||
| 337 |
_2rdamedia _asin mediación _bn |
||
| 338 |
_2rdacarrier _avolumen _bnc |
||
| 490 | 1 | _aA Mentor book | |
| 590 | _aInventariado, 2024/ YL | ||
| 910 | _aYLockward | ||
| 942 |
_2ddc _cLBS1 |
||
| 999 |
_c56047 _d56047 |
||